[Event "Rubinstein Memorial-D 54th"]
[Site "Polanica Zdroj"]
[Date "2018.08.24"]
[Round "7"]
[White "Mrozek, Zofia"]
[Black "Kussowski, Mateusz"]
[Result "1/2-1/2"]
[WhiteElo "1268"]
[BlackElo "1201"]
[PlyCount "87"]
[EventDate "2018.08.18"]
[EventType "swiss"]
[EventRounds "9"]
[EventCountry "POL"]
[SourceTitle "EXT 2020"]
[Source "ChessBase"]
[SourceDate "2019.10.17"]
[SourceVersion "1"]
[SourceVersionDate "2019.10.17"]
[SourceQuality "1"]

1. e4 e5 2. Nf3 Nc6 3. d4 exd4 4. Bc4 Nf6 5. 0-0 Nxe4 6. Re1 d5 7. Bxd5 Qxd5 8. Nc3 Qd8 9. Nxe4 Be7 10. Bg5 0-0 11. Bxe7 Qxe7 12. Nxd4 Nxd4 13. Qxd4 Qd7 14. Qc3 c6 15. Rad1 Qc7 16. Ng3 b6 17. h3 c5 18. Qf3 Bb7 19. Qg4 Rad8 20. Nf5 g6 21. Qg3 Qxg3 22. Nxg3 Rfe8 23. Rxe8+ Rxe8 24. Rd7 Re1+ 25. Kh2 Bc6 26. Rxa7 Rb1 27. b3 Rb2 28. Rc7 Bd5 29. c4 Be6 30. Rb7 Rxf2 31. Ra7 Kg7 32. Ne4 Re2 33. Ng5 h6 34. Nxe6+ Rxe6 35. Rb7 g5 36. Kg3 Kg6 37. Rb8 f5 38. Rd8 f4+ 39. Kf2 Kf5 40. Rd5+ Kf6 41. Rd8 Ke7 42. Rd3 Rd6 43. Rxd6 Kxd6 44. Ke2 1/2-1/2

[Event "Rubinstein Memorial-D 54th"]
[Site "Polanica Zdroj"]
[Date "2018.08.22"]
[Round "5"]
[White "Mrozek, Zofia"]
[Black "Stefaniuk, Zbigniew"]
[Result "1-0"]
[WhiteElo "1268"]
[BlackElo "1173"]
[PlyCount "35"]
[EventDate "2018.08.18"]
[EventType "swiss"]
[EventRounds "9"]
[EventCountry "POL"]
[SourceTitle "EXT 2020"]
[Source "ChessBase"]
[SourceDate "2019.10.17"]
[SourceVersion "1"]
[SourceVersionDate "2019.10.17"]
[SourceQuality "1"]

1. e4 c5 2. Nf3 d6 3. d4 cxd4 4. Nxd4 Nf6 5. Nc3 a6 6. f3 e5 7. Nb3 Be6 8. Be3 Be7 9. Qd2 0-0 10. g4 b5 11. 0-0-0 Nbd7 12. h4 Qc7 13. h5 Rac8 14. g5 Ne8 15. g6 fxg6 16. hxg6 b4 17. Nd5 Bxd5 18. Qxd5+ 1-0